The complete word study dictionary : (Record no. 7871)
[ view plain ]
| 000 -LEADER | |
|---|---|
| fixed length control field | 00900cam a2200253 a 4500 |
| 001 - CONTROL NUMBER | |
| control field | 1619869 |
| 003 - CONTROL NUMBER IDENTIFIER | |
| control field | GBCCL |
| 005 - DATE AND TIME OF LATEST TRANSACTION | |
| control field | 20241126110638.0 |
| 008 - FIXED-LENGTH DATA ELEMENTS--GENERAL INFORMATION | |
| fixed length control field | 950118s1994 tnu 000 0 eng |
| 010 ## - | |
| -- | 95105564 |
| 020 ## - INTERNATIONAL STANDARD BOOK NUMBER | |
| International Standard Book Number | 089957663X |
| 040 ## - CATALOGING SOURCE | |
| Original cataloging agency | DLC |
| Transcribing agency | DLC |
| 050 00 - | |
| -- | PA881 |
| -- | .Z63 1994 |
| 082 00 - DEWEY DECIMAL CLASSIFICATION NUMBER | |
| Classification number | 220.52034 |
| -- | 487.4321 |
| Edition information | 20 |
| Item number | COM |
| 100 1# - MAIN ENTRY--PERSONAL NAME | |
| Personal name | Zodhiates, Spiros. |
| 9 (RLIN) | 10225 |
| 245 14 - TITLE STATEMENT | |
| Title | The complete word study dictionary : |
| Remainder of title | New Testament / |
| Statement of responsibility, etc. | compiled and edited by Spiros Zodhiates. |
| 260 ## - PUBLICATION, DISTRIBUTION, ETC. | |
| Place of publication, distribution, etc. | Chattanooga, TN : |
| Name of publisher, distributor, etc. | AMG Publishers, |
| Date of publication, distribution, etc. | [1994?] |
| 300 ## - PHYSICAL DESCRIPTION | |
| Extent | xvii, 1505 p. ; |
| Dimensions | 24 cm. |
| 630 00 - SUBJECT ADDED ENTRY--UNIFORM TITLE | |
| Uniform title | Bible. |
| Name of part/section of a work | New Testament |
| Form subdivision | Dictionaries |
| General subdivision | English. |
| 9 (RLIN) | 2952 |
| 650 #0 - SUBJECT ADDED ENTRY--TOPICAL TERM | |
| Topical term or geographic name entry element | Greek language, Biblical |
| General subdivision | Dictionaries |
| -- | English. |
| 9 (RLIN) | 1761 |
| 906 ## - LOCAL DATA ELEMENT F, LDF (RLIN) | |
| a | 7 |
| b | cbc |
| c | orignew |
| d | 2 |
| e | ncip |
| f | 19 |
| g | y-gencatlg |
| 942 ## - ADDED ENTRY ELEMENTS (KOHA) | |
| Source of classification or shelving scheme | Dewey Decimal Classification |
| Koha item type | Reference Books |
| Withdrawn status | Lost status | Source of classification or shelving scheme | Damaged status | Not for loan | Home library | Current Library | Shelving location | Date acquired | Source of acquisition | Cost, normal purchase price | Total checkouts | Full call number | Barcode | Date last seen | Copy number | Cost, replacement price | Price effective from | Koha item type |
|---|---|---|---|---|---|---|---|---|---|---|---|---|---|---|---|---|---|---|
| Dewey Decimal Classification | GRACE BIBLE COLLEGE | GRACE BIBLE COLLEGE | Dictionary | 2018-10-11 | 6 | 2975.00 | 220.52034 COM | 014890 | 2025-05-01 | c.1 | 3500.00 | 2018-10-11 | Reference Books | |||||
| Dewey Decimal Classification | GRACE BIBLE COLLEGE | GRACE BIBLE COLLEGE | Dictionary | 2021-11-17 | 220.52034 COM | 015328 | 2025-05-01 | c.2 | 2021-11-17 | Reference Books |